000 00661cam a22002413a 4500
001 2176
003 PGUSA
005 20140828083011.0
008 000501s2000||||xxu|||||s|||||000 | eng d
040 _aPGUSA
_beng
042 _adc
050 4 _aN
100 1 _aReynolds, Joshua,
_cSir,
_d1723-1792
245 1 0 _aSeven Discourses on Art
_h[electronic resource] /
_cJoshua, Reynolds
260 _bProject Gutenberg,
_c2000
506 _aPublic domain in the USA.
516 _aElectronic text
653 _aArt
700 1 _aMorley, Henry,
_d1822-1894
830 0 _aProject Gutenberg
_v2176
856 4 0 _uhttp://www.gutenberg.org/ebooks/2176
942 _cEB
999 _c231514
_d231514